000
00326nam a2200133Ia 4500
008
210210b1972 xxu||||| |||| 00| 0 eng d
082
_a
152.4 RICL
100
_a
RICHARDSON (Edward).
245
_a
Love yourself.
260
_a
Allahabad
_b
Better yourself books
_c
1972
300
_a
72
690
_a
Psychology
906
_a
030534
999
_c
81826
_d
81826